| 000 | 00425nam a22001577a 4500 | ||
|---|---|---|---|
| 020 | _a9780199339136 | ||
| 040 | _cNUST | ||
| 082 | _a621.3815 SED | ||
| 100 | _aSedra, Adel S. | ||
| 110 |
_aSmith, Kenneth C. Smith _9112851 |
||
| 245 | _aMicroelectronic Circuits. Vol-2 | ||
| 250 | _a7th Edition | ||
| 260 |
_aNew York: _bOxford University Press, _c2015. |
||
| 650 |
_aMicroelectronic Circuits _991903 |
||
| 942 |
_2ddc _cBK |
||
| 999 |
_c594875 _d594875 |
||